000 00228nam a2200097Ia 4500
001 656373
005 20250826154554.0
008 250824s9999 xx 000 0 und d
245 0 _aDAVAM
_cRAHMİ ERDEM
260 _bTİMAŞ YAYINLARI
999 _c656373
_d656373